| 000 | 00902cam a2200205 i 4500 | ||
|---|---|---|---|
| 005 | 20251117104632.0 | ||
| 008 | 250721s2013 ua gr 000 0 ara d | ||
| 082 | 1 | 4 |
_a210.421334 _bش ع ر |
| 100 | 1 |
_aالشعراوي، محمد متولي _eمؤلف. |
|
| 245 | 1 | 0 |
_aعلاج السحر والحسد والجان في القرآن والسنة / _cإمام الدعاة فضيلة الشيخ محمد متولي الشعرواي ؛ أعده وعلق عليه وقدم له عبد الرحيم محمد متولي الشعرواي. |
| 264 | 3 | 1 |
_aالقاهرة : _bدار التوفيقية، _c2013. |
| 300 | _a360 صفحة. | ||
| 650 | 1 | 7 | _aالسحر و التنجيم. |
| 650 | 1 | 7 | _aالأنظمة الدينية. |
| 650 | 1 | 7 | _aالعلاج. |
| 650 | 1 | 7 | _aالقرآن الكريم. |
| 650 | 1 | 7 | _aالحديث الشريف. |
| 942 |
_2ddc _cBK |
||
| 999 |
_c133036 _d133036 |
||